| 000 | 00740nas a2200229 a 4500 | ||
|---|---|---|---|
| 001 | 000045419 | ||
| 003 | DLC | ||
| 005 | 20240318114638.0 | ||
| 008 | 150309c19919999dr r1pdd 0 0spa d | ||
| 040 |
_aDO-SdBNP _bspa _cBNPHU |
||
| 043 | _anwdr | ||
| 245 | 0 | 0 | _aPoblación y desarrollo. |
| 260 |
_aSanto Domingo, República Dominicana : _bPROFAMILIA, _c1991. |
||
| 300 |
_av. ; _c23 cm. |
||
| 310 | _aAnual | ||
| 362 | 1 | _aInicia con: No.1 (1991) | |
| 500 | _aDescripción basada en: No.1 (1991) | ||
| 500 | _aEditor: 1991, Clara Ornes | ||
| 650 | 4 |
_aTrabajo infantil _zRepública Dominicana _vPUBLICACIONES PERIÓDICAS _973467 |
|
| 700 | 1 |
_aOrnes, Clara, _eed. _954961 |
|
| 710 | 2 |
_aAsociación Dominicana Pro Bienestar de la Familia _956602 |
|
| 999 |
_c44908 _d44908 |
||